| 000 | 00431nam a22001217a 4500 | ||
|---|---|---|---|
| 082 |
_a346 _bIRF |
||
| 100 | _aCh. Muhammad Irfan Ul Haq | ||
| 245 |
_aThe Companies Act, 2017: _bwith securities and Exchange Commission of Pakistan Act, 1997 Competition Act, 2010 (amended up to date) / _cMuhammad Irfan Ul Haq Ch. |
||
| 260 |
_aLahore: _bAl-Haq Law Book Centre, _c2024. |
||
| 300 | _a456 p. | ||
| 563 | _aHB. | ||
| 942 |
_2ddc _cBK |
||
| 999 |
_c613969 _d613969 |
||